[Event "Champions Showdown Kings Blitz 2019-E"]
[Site "Saint Louis"]
[Date "2019.02.22"]
[Round "1"]
[White "Rapport, Richard"]
[Black "Shankland, Samuel"]
[Result "0-1"]
[WhiteElo "2735"]
[BlackElo "2731"]
[Annotator "TA"]
[PlyCount "98"]
[EventDate "2019.02.09"]
[EventType "match"]
[EventCountry "USA"]
[SourceTitle "playchess.com"]
[Source "ChessBase"]
[SourceQuality "1"]

{[%evp 9,98,-2,0,-8,-4,-32,-6,-25,-36,-33,-32,-11,-22,-32,-45,-74,-89,-57,-72,-88,-101,-248,-63,-65,-52,-213,-215,-333,-97,-91,-69,-122,-118,-106,-108,-115,-82,-83,-91,-84,-36,-48,-42,-46,-15,-77,-67,-116,-116,-116,-125,-121,-28,-29,-38,-131,-80,-68,-54,-52,-24,-27,-34,-28,-36,-28,-18,-41,-41,-90,-43,-122,-122,-514,-160,-149,-132,-132,-83,-83,-83,-83,-18,-18,0,-485,-445,-445,-443,-29996,-29997]} 1. d4 Nf6 2. Bg5 e6 3. Nc3 Bb4 (3... h6 4. Bxf6 Qxf6 5. Qd2 d6 6. O-O-O a6 7. g4 Nd7 8. f4 g5 9. e3 Qe7 10. h4 Bg7 11. hxg5 hxg5 12. Rxh8+ Bxh8 {1-0 (28) Rapport,R (2707)-Ponomariov,R (2694) Riadh 2017}) 4. e4 h6 5. Bd2 d5 6. exd5 $146 {A45: Trompowsky Attack} ({Predecessor:} 6. e5 Bxc3 7. Bxc3 Ne4 8. Bb4 c5 9. Bxc5 Nxc5 10. dxc5 Qa5+ 11. Qd2 Qxd2+ 12. Kxd2 Nd7 13. Bb5 a6 14. Bxd7+ Bxd7 15. b4 Ke7 16. Ne2 f6 17. f4 fxe5 18. fxe5 Rhf8 {1-0 (33) Fletcher,A-Woodhouse,S (1644) ICCF email 2014}) 6... exd5 7. Bd3 O-O 8. Nge2 {The position is equal.} c5 9. dxc5 Bxc5 {Strongly threatening ...Ng4.} 10. O-O Nc6 11. a3 Ne5 12. Nf4 Re8 13. Bb5 Bg4 14. Be2 d4 15. Na2 {[#]} (15. Na4 $17 Bd6 16. Bxg4 Nexg4 17. h3) 15... Rc8 $2 (15... d3 $1 $19 {[%mdl 512]} 16. cxd3 Nxd3 $1 {[%mdl 512]}) 16. Nc1 Bd6 17. f3 $2 ({White should try} 17. Bxg4 $15 Nexg4 18. h3) 17... Bf5 18. Ncd3 (18. Bd3 $142 Nxd3 19. Ncxd3) 18... Nxd3 $2 (18... Nc4 $19 {has better winning chances.} 19. Rc1 Qb6) 19. Bxd3 $17 Qd7 20. a4 (20. Rc1 $15) 20... Bxd3 21. Nxd3 Nd5 22. Re1 Qf5 23. Rxe8+ Rxe8 24. Qf1 Qh5 25. g3 Ne3 26. Bxe3 Rxe3 27. Kg2 (27. Re1 $1 $11) 27... Qa5 {Threatens to win with ...Qd2+.} 28. Re1 Qxa4 29. Rxe3 dxe3 30. Qe2 Qd4 (30... Bc7 $17 31. Qxe3 Qxc2+ 32. Kh3 Qc6) 31. c3 $11 Qb6 32. b4 (32. f4 $1 $15) 32... a6 (32... Qc6 $142 33. Qxe3 Qxc3 34. Qe8+ Bf8) 33. Nb2 $17 Bf8 $36 {[%mdl 2048] White is under pressure.} 34. Nd1 a5 35. bxa5 Qb3 36. Nxe3 Qxc3 37. Nc4 g6 38. h4 h5 39. Qe4 Bc5 40. Qe8+ (40. f4 $15) 40... Kg7 41. Ne5 $2 {[%mdl 8192] [#]} (41. Qe2 $17 {is more resistant.}) 41... Qc2+ $2 (41... Qd2+ $1 $19 {is more deadly.} 42. Kh3 Qd5) 42. Kh3 Qf5+ 43. Kg2 Bd6 44. f4 Qe4+ 45. Kh2 Qe2+ (45... Qc2+ $17 46. Kh3 Qb3) 46. Kh3 $11 Bxe5 47. fxe5 $4 {[%mdl 8192]} (47. Qxe5+ $11 {and White has nothing to worry.} Qxe5 48. fxe5) 47... Qf1+ 48. Kh2 {[#]} Qf2+ $1 49. Kh3 (49. Kh1 $19 Qxg3 50. Qa4) 49... Qg1 {Precision: White = 24%, Black = 45%.} 0-1

[Event "Champions Showdown Kings Blitz 2019-E"]
[Site "Saint Louis"]
[Date "2019.02.22"]
[Round "2"]
[White "Shankland, Samuel"]
[Black "Rapport, Richard"]
[Result "0-1"]
[WhiteElo "2731"]
[BlackElo "2735"]
[Annotator "TA"]
[PlyCount "99"]
[EventDate "2019.02.09"]
[EventType "match"]
[EventCountry "USA"]
[SourceTitle "playchess.com"]
[Source "ChessBase"]
[SourceQuality "1"]

{[%evp 18,99,77,39,70,69,102,105,106,104,104,90,92,93,100,70,70,59,89,88,89,83,124,82,125,112,118,115,128,109,103,9,8,11,11,0,0,-12,0,-196,-196,-630,-608,-622,-598,-580,-515,-29991,-29990,-29990,133,0,0,0,0,0,0,-435,200,183,267,249,353,370,783,467,897,883,937,925,1057,1024,1413,1386,1785,1406,1306,1098,985,291,315,0,0,0]} 1. d4 Nf6 2. c4 d6 3. Nf3 g6 4. Nc3 Bg7 5. e4 O-O 6. Be2 e5 7. O-O Nbd7 8. Qc2 Qe7 9. Be3 c6 10. Rad1 h6 {E94: King's Indian: Classical: 6 Be2 e5 7 0-0: Various Black 7th moves} (10... a6 11. Rfe1 exd4 12. Nxd4 h6 13. Bf1 Ng4 14. Bf4 Nc5 15. Qd2 Qf6 16. h3 Qxd4 17. Qxd4 Bxd4 18. hxg4 {½-½ (35) Wojtaszek,R (2745)-Adhiban,B (2682) Sharjah 2017}) 11. d5 c5 12. Ne1 Kh8 $146 {White is better.} ({Predecessor:} 12... Nh7 13. Qc1 h5 14. Nd3 h4 15. a3 f5 16. exf5 gxf5 17. f4 exf4 18. Nxf4 {1-0 (52) Alshameary Puente,I (2369)-Rotstein,A (2476) Figueira da Foz 2018}) 13. Nd3 Ng8 14. a3 b6 15. b4 Ba6 16. bxc5 Nxc5 17. Nb4 Bc8 18. a4 f5 19. f3 Nf6 20. a5 Nh5 21. Ra1 {Threatens to win with axb6.} Bd7 22. Nc6 Qf6 23. Nb5 Nf4 24. g3 ({Of course not} 24. Nbxa7 $6 fxe4 25. fxe4 Qg5 $11) (24. Kh1 $16) 24... Nh3+ $11 25. Kh1 f4 26. Bxc5 bxc5 27. g4 h5 28. gxh5 $2 (28. Nbxa7 $11 hxg4 29. fxg4) 28... gxh5 $19 29. Ncxa7 $2 (29. Bd3 a6 30. Rab1) 29... Bh6 30. Nc6 Rf7 31. a6 Rg7 32. a7 (32. Bd3 $19 Kh7 33. a7 Bxc6 34. Qd2 (34. dxc6 {leads to mate.} Qg6 35. Qf2 Nxf2+ 36. Rxf2 Rag8 37. h3 Qg3 {[%mdl 64] Double Attack} 38. Raf1 Qxh3+ 39. Rh2 Qxf1+ {[%mdl 64] Remove Defender, Back Rank} 40. Bxf1 Rg1#)) 32... Qg5 {[%csl Gg7][%cal Rg5g2]} 33. Bd3 Qf6 $2 (33... Bxc6 $1 {mates} 34. dxc6 Kh7 35. Qf2 Rag8 36. Qg3 fxg3 37. hxg3 Qxg3 38. Ra2 Bf4 39. Nxd6 Qxf3+ $1 {[%mdl 576] Deflection, Back Rank} 40. Rxf3 Rg1#) 34. Nb8 (34. Qe2 $1 $16) 34... Bxb5 $11 35. cxb5 {Strongly threatening b6.} Raxa7 36. Rxa7 Rxa7 37. Nc6 $2 {[%mdl 8192]} (37. Qg2 $1 $11 {and White has nothing to worry.} Qh4 38. Nc6) 37... Rb7 $4 {[%mdl 8192] [#]} (37... Rg7 $19 {and all is fine. ( -> ...Qg6)} 38. Qg2 Rxg2 39. Kxg2 c4 $1 {[%mdl 512]} 40. Bxc4 Ng5) 38. Qg2 $1 $36 {[%cal Rg2h3][%mdl 2048] White is really pushing.} Ng5 (38... Qh4 {is a better defense.}) 39. Qa2 {Black must now prevent Qa8+.} Kh7 {[#]} (39... Qf8 $142 40. Qa6 Rg7) 40. b6 $1 {[%mdl 512]} Nh3 $2 (40... Qg6 41. Rg1 Qe8) (40... Rxb6 41. Qa7+) 41. Qg2 Ng5 (41... Qh4 $142 42. Ba6 Rxb6) 42. Rb1 Bf8 43. Ba6 Rg7 44. Bc8 Nxe4 45. Qc2 {[%mdl 64] Pin} Qg5 46. fxe4 f3 47. Bf5+ Kh6 48. b7 $2 (48. Qf2) 48... Qe3 {intending ...f2.} 49. b8=Q $2 (49. Nxe5 $18 f2 50. Qc1 Qxc1+ 51. Rxc1 Rxb7 52. Nc4) 49... f2 $11 {[%cal Re3f3]} 50. Qc1 {[%mdl 32768] Accuracy: White = 50%, Black = 43%. . Loss on time!?} 0-1

[Event "Champions Showdown Kings Blitz 2019-E"]
[Site "Saint Louis"]
[Date "2019.02.22"]
[Round "3"]
[White "Rapport, Richard"]
[Black "Shankland, Samuel"]
[Result "1/2-1/2"]
[WhiteElo "2735"]
[BlackElo "2731"]
[Annotator "TA"]
[PlyCount "82"]
[EventDate "2019.02.09"]
[EventType "match"]
[EventCountry "USA"]
[SourceTitle "playchess.com"]
[Source "ChessBase"]
[SourceQuality "1"]

{[%evp 9,82,0,0,0,0,-16,2,-2,0,0,7,13,34,16,37,42,122,127,237,45,60,4,67,16,17,18,21,-10,-14,-54,-50,-51,-50,-64,-43,-41,-48,-121,-107,-149,-136,-148,-124,-144,-148,-134,-114,-163,-170,-155,-153,-252,-180,-195,-185,-259,-252,-325,-178,-181,-112,-112,-112,-112,-112,-226,-123,-258,-6,-58,0,0,0,0,0]} 1. d4 Nf6 2. Nc3 d5 3. Bf4 g6 (3... e6 4. Nb5 Na6 5. e3 Be7 6. Nf3 O-O 7. Bd3 c6 8. Nc3 Nb4 9. h3 Nxd3+ 10. cxd3 b6 11. O-O Bb7 {0-1 (40) Rapport,R (2731)-Giri,A (2783) Wijk aan Zee 2019}) 4. e3 Bg7 5. Nb5 Na6 6. Nf3 {D00: 1 d4 d5: Unusual lines} O-O 7. h3 Bf5 8. a3 $146 ({Predecessor:} 8. Be2 c6 9. Nc3 Qb6 10. Na4 Qa5+ 11. c3 b5 12. Ne5 Rfc8 13. g4 {0-1 (39) Ladva,O (2522)-Gupta,A (2610) chess.com INT 2018}) 8... c5 9. Be2 Ne4 10. O-O Qb6 11. c3 Rfd8 12. a4 Rd7 (12... Rdc8 $14) 13. Ne5 $16 Rdd8 (13... Bxe5 $16 {was called for.} 14. Bxe5 f6) 14. b3 $2 (14. f3 $18) 14... Bd7 15. Qe1 (15. Nxd7 $14 Rxd7 16. Qe1) 15... Be8 (15... Bxb5 $1 $11 16. a5 (16. axb5 Nc7 $11) (16. Bxb5 cxd4 17. cxd4 Bxe5 $11) 16... Qe6 17. Bxb5 Rac8) 16. Bd3 ({White should try} 16. f3 $14 Nf6 17. Qd2) 16... Rdc8 $11 17. Bh2 Nd6 {[%cal Rd6b5]} 18. Qe2 cxd4 19. exd4 (19. cxd4 {with more complications.} Nb4 20. a5 Qd8 21. Nxd6 exd6 22. Qd2) 19... Nxb5 $1 20. axb5 Nc7 {[%cal Rc7b5]} 21. Qf3 Nxb5 22. Bxb5 Qxb5 23. b4 (23. c4 $15 Qb6 24. Qxd5) 23... b6 24. Rfe1 f6 25. Ng4 Qd7 26. Bf4 h5 27. Ne3 e6 28. Ra3 a5 29. bxa5 bxa5 30. g4 (30. Nc2 $17) 30... g5 31. Bh2 h4 32. c4 (32. Nd1 $142) 32... dxc4 $19 33. d5 Bf7 (33... e5 $142 34. Rd1 c3) 34. Nxc4 {Strongly threatening dxe6.} Rxc4 (34... Ra6 $19 35. dxe6 Rxe6) 35. dxe6 $17 {[#]} Qc6 $1 {And now ...Be8 would win.} 36. exf7+ Kxf7 37. Qf5 (37. Qxc6 $17 Rxc6 38. Rea1) 37... Rc1 ({Black should play} 37... Re8 $19 {[%cal Re8e1]} 38. Rd1 Rc1) 38. Rae3 {[#]} (38. Rxc1 $17 {only move.} Qxc1+ {[%mdl 64] Double Attack} 39. Kg2) 38... Rxe1+ $2 (38... a4 $1 $19 {[%cal Ra4a3] ...a3 is the strong threat.} 39. Qd3 Kg8 40. Rxc1 Qxc1+ 41. Kg2 Qc6+ 42. f3 Qb7) 39. Rxe1 $15 Re8 (39... a4 $1 $15 40. Qd3 Ra7) 40. Qxa5 $11 Rxe1+ 41. Qxe1 Bf8 {Accuracy: White = 34%, Black = 38%.} 1/2-1/2

[Event "Champions Showdown Kings Blitz 2019-E"]
[Site "Saint Louis"]
[Date "2019.02.22"]
[Round "4"]
[White "Shankland, Samuel"]
[Black "Rapport, Richard"]
[Result "1-0"]
[WhiteElo "2731"]
[BlackElo "2735"]
[Annotator "ChessBase"]
[PlyCount "91"]
[EventDate "2019.02.09"]
[EventType "match"]
[EventCountry "USA"]
[SourceTitle "playchess.com"]
[Source "ChessBase"]
[SourceQuality "1"]
[TimeControl "900+10"]

1. d4 {[%emt 0:12:06]} d6 {[%emt 0:12:06]} 2. e4 {[%emt 0:00:10]} Nf6 {[%emt 0:00:09]} 3. Bd3 {[%emt 0:00:09]} Nc6 {[%emt 0:00:12]} 4. Nf3 {[%emt 0:00:11]} e5 {[%emt 0:00:11]} 5. c3 {[%emt 0:00:09]} Be7 {[%emt 0:00:13]} 6. O-O {[%emt 0:00:10]} O-O {[%emt 0:00:10]} 7. a3 {[%emt 0:00:10]} a5 {[%emt 0:00:16]} 8. h3 {[%emt 0:00:12]} Re8 {[%emt 0:00:13]} 9. Re1 {[%emt 0:00:16]} Bf8 {[%emt 0:00:11]} 10. Nbd2 {[%emt 0:00:16]} Bd7 {[%emt 0:00:10]} 11. Nf1 {[%emt 0:00:11]} a4 {[%emt 0:00:09]} 12. Ng3 Na5 13. Be3 {[%emt 0:00:23]} c5 {[%emt 0:00:25]} 14. Nd2 {[%emt 0:00:27]} b5 {[%emt 0:00:13]} 15. f4 {[%emt 0:00:22]} cxd4 {[%emt 0:00:15]} 16. cxd4 {[%emt 0:00:09]} exd4 {[%emt 0:00:36]} 17. Bxd4 {[%emt 0:00:09]} g6 {[%emt 0:00:14]} 18. Rc1 {[%emt 0:00:10]} Bg7 {[%emt 0:00:10]} 19. Bc3 {[%emt 0:00:22]} Rc8 {[%emt 0:00:11]} 20. Nf3 {[%emt 0:00:15]} Nb3 {[%emt 0:00:11]} 21. Rc2 {[%emt 0:00:08]} Nc5 {[%emt 0:00:28]} 22. Rd2 {[%emt 0:00:09]} Nb3 {[%emt 0:00:10]} 23. Rde2 {[%emt 0:00:09]} Bh6 {[%emt 0:00:13]} 24. f5 {[%emt 0:00:29]} Bg7 {[%emt 0:00:12]} 25. Bc2 {[%emt 0:00:23]} Qb6+ {[%emt 0:00:19]} 26. Kh1 {[%emt 0:00:09]} Nc5 {[%emt 0:00:10]} 27. e5 {[%emt 0:00:15]} dxe5 {[%emt 0:00:09]} 28. Nxe5 {[%emt 0:00:09]} Red8 {[%emt 0:00:18]} 29. Qc1 {[%emt 0:00:19]} Be8 {[%emt 0:00:14]} 30. fxg6 {[%emt 0:00:23]} hxg6 {[%emt 0:00:08]} 31. Qg5 {[%emt 0:00:14]} Nd5 {[%emt 0:00:09]} 32. Nxg6 {[%emt 0:00:16]} fxg6 {[%emt 0:00:10]} 33. Rxe8+ {[%emt 0:00:12]} Rxe8 {[%emt 0:00:09]} 34. Qxd5+ {[%emt 0:00:09]} Kh8 {[%emt 0:00:12]} 35. Rxe8+ {[%emt 0:00:12]} Rxe8 {[%emt 0:00:11]} 36. Qf7 {[%emt 0:00:17]} Rg8 {[%emt 0:00:10]} 37. Bxg6 {[%emt 0:00:13]} Qe6 {[%emt 0:00:08]} 38. Bxg7+ {[%emt 0:00:12]} Rxg7 {[%emt 0:00:09]} 39. Qf8+ {[%emt 0:00:09]} Qg8 {[%emt 0:00:09]} 40. Qf6 {[%emt 0:00:14]} Nd7 {[%emt 0:01:29]} 41. Qh4+ {[%emt 0:00:09]} Rh7 {[%emt 0:00:09]} 42. Bxh7 {[%emt 0:00:09]} Qxh7 {[%emt 0:00:09]} 43. Qd8+ {[%emt 0:00:09]} Qg8 {[%emt 0:00:09]} 44. Qxd7 {[%emt 0:00:23]} Qxg3 {[%emt 0:00:09]} 45. Qxb5 {[%emt 0:00:08]} Qf4 {[%emt 0:00:18]} 46. Qh5+ {[%emt 0:00:09]} 1-0

[Event "Champions Showdown Kings Blitz 2019-E"]
[Site "Saint Louis"]
[Date "2019.02.22"]
[Round "5"]
[White "Rapport, Richard"]
[Black "Shankland, Samuel"]
[Result "1-0"]
[WhiteElo "2735"]
[BlackElo "2731"]
[Annotator "TA"]
[PlyCount "61"]
[EventDate "2019.02.09"]
[EventType "match"]
[EventCountry "USA"]
[SourceTitle "playchess.com"]
[Source "ChessBase"]
[SourceQuality "1"]

{[%evp 13,61,-5,3,-16,0,0,12,1,23,27,18,19,16,0,4,0,10,17,0,0,30,10,69,56,62,35,59,0,57,0,0,-22,0,0,0,0,0,-9,54,48,70,0,0,0,0,-29,-40,-33,29985,29986]} 1. d4 Nf6 2. Nc3 d5 3. Bf4 g6 (3... e6 4. Nb5 Na6 5. e3 Be7 6. Nf3 O-O 7. Bd3 c6 8. Nc3 Nb4 9. h3 Nxd3+ 10. cxd3 b6 11. O-O Bb7 {0-1 (40) Rapport,R (2731)-Giri,A (2783) Wijk aan Zee 2019}) 4. e3 Bg7 5. Nb5 Na6 6. Nf3 {D00: 1 d4 d5: Unusual lines} O-O 7. h3 Bf5 {LiveBook: 8 Games} 8. c3 {The position is equal.} c6 9. Na3 Nc7 $146 ({Predecessor:} 9... Qb6 10. Qb3 Nd7 11. Be2 f6 12. O-O e5 13. Bg3 {1-0 (69) Markowski,T (2606)-Szelag,M (2474) Ustron 2008}) 10. Be2 Be4 11. O-O Bxf3 12. Bxf3 Nd7 13. e4 e5 14. dxe5 Nxe5 15. Bxe5 Bxe5 16. exd5 cxd5 17. Qb3 Qf6 (17... Qg5 $11 18. g3 Rfd8) 18. Bxd5 $14 Rad8 19. Rad1 b6 20. Bb7 (20. Qc4 $14) 20... Ne6 ({Reject} 20... Rxd1 $6 21. Rxd1 Rb8 22. Bd5 $16) (20... Rb8 $11 21. Bd5 Rbd8) 21. Rxd8 (21. Qc2 $14) 21... Rxd8 $11 22. Rd1 Nc5 23. Rxd8+ Qxd8 24. Qd5 Qg5 {( -> ...Qc1+)} 25. g3 $132 {[%mdl 2048] White is not keeping still} Qc1+ (25... Nxb7 $11 26. Nc4 Qc1+ 27. Kg2 {[#]} Bxg3 $1 {[%mdl 512]} 28. Qxb7 Bh4) 26. Kg2 $14 Bxc3 27. Nc4 ({Better is} 27. Qd8+ $1 $14 Kg7 28. Bd5 Qxb2 29. Qe7) 27... Bxb2 $11 28. Bc8 {Threatens to win with Nd6.} Qc3 $1 29. Nd6 Qf6 30. Ba6 {And now Qa8+ would win.} Bd4 $2 {[%mdl 8192] [#]} (30... Ne6 $15 31. Bc4 Nd8) 31. Qa8+ {Precision: White = 49%, Black = 32%.} 1-0

[Event "Champions Showdown Kings Blitz 2019-E"]
[Site "Saint Louis"]
[Date "2019.02.22"]
[Round "6"]
[White "Shankland, Samuel"]
[Black "Rapport, Richard"]
[Result "1-0"]
[WhiteElo "2731"]
[BlackElo "2735"]
[Annotator "RC"]
[PlyCount "115"]
[EventDate "2019.02.09"]
[EventType "match"]
[EventCountry "USA"]
[SourceTitle "playchess.com"]
[Source "ChessBase"]
[SourceQuality "1"]
[TimeControl "900+10"]

1. d4 {[%emt 0:12:06]} Nf6 {[%emt 0:12:06]} 2. c4 e6 3. Nf3 {[%emt 0:00:18]} b6 {[%emt 0:00:18]} 4. g3 {[%emt 0:00:09]} Bb7 {[%emt 0:00:08]} 5. Bg2 Bb4+ 6. Bd2 {[%emt 0:00:17]} Be7 {[%emt 0:00:19]} 7. Nc3 {[%emt 0:00:10]} O-O {[%emt 0:00:10]} 8. Bf4 {[%emt 0:00:10]} Na6 {[%emt 0:00:22]} 9. O-O {[%emt 0:00:10]} Ne4 {[%emt 0:00:09]} 10. Qa4 {[%emt 0:00:17]} Nxc3 {[%emt 0:00:12]} 11. bxc3 {[%emt 0:00:09]} Nb8 {[%emt 0:00:09]} 12. Rad1 {[%emt 0:00:09]} d6 {[%emt 0:00:10]} 13. Qc2 {[%emt 0:00:09]} f5 {[%emt 0:00:20]} 14. c5 {[%emt 0:00:26]} Be4 {[%emt 0:00:18]} 15. Qb3 {[%emt 0:00:09]} Qd7 {[%emt 0:00:11]} 16. cxd6 {[%emt 0:00:18]} cxd6 {[%emt 0:00:10]} 17. d5 {[%emt 0:00:09]} exd5 {[%emt 0:00:22]} 18. Nd4 {[%emt 0:00:32]} Kh8 {[%emt 0:00:19]} 19. f3 {[%emt 0:00:09]} Na6 {[%emt 0:00:13]} 20. fxe4 {[%emt 0:00:11]} dxe4 {[%emt 0:00:09]} 21. Qe6 {[%emt 0:00:10]} Qxe6 {[%emt 0:00:12]} 22. Nxe6 {[%emt 0:00:09]} Rf6 {[%emt 0:00:08]} 23. Nd4 {[%emt 0:00:12]} Rf7 {[%emt 0:00:12]} 24. Nb5 {[%emt 0:00:13]} d5 {[%emt 0:00:16]} 25. Rxd5 {[%emt 0:00:12]} Rc8 {[%emt 0:00:09]} 26. Be5 {[%emt 0:00:14]} Kg8 {[%emt 0:00:10]} 27. Bd4 {[%emt 0:00:17]} g6 {[%emt 0:00:09]} 28. Nxa7 {[%emt 0:00:14]} Ra8 {[%emt 0:00:11]} 29. Nc6 {[%emt 0:00:11]} Bc5 {[%emt 0:00:09]} 30. g4 {[%emt 0:00:17]} Rc7 {[%emt 0:00:13]} 31. Ne5 {[%emt 0:00:12]} Bxd4+ {[%emt 0:00:15]} 32. cxd4 Nb4 33. Rd6 {[%emt 0:00:19]} Nc2 {[%emt 0:00:19]} 34. gxf5 {[%emt 0:00:11]} Ne3 {[%emt 0:00:10]} 35. fxg6 {[%emt 0:00:13]} Nxf1 {[%emt 0:00:10]} 36. Bxe4 {[%emt 0:00:21]} Rf8 {[%emt 0:00:09]} 37. gxh7+ {[%emt 0:00:11]} Kg7 {[%emt 0:00:09]} 38. h8=Q+ {[%emt 0:00:19]} Rxh8 {[%emt 0:00:12]} 39. Kxf1 {[%emt 0:00:13]} Rxh2 {[%emt 0:00:10]} 40. Rd7+ {[%emt 0:00:11]} Rxd7 41. Nxd7 {[%emt 0:00:09]} Rh4 {[%emt 0:00:19]} 42. Bd3 {[%emt 0:00:10]} Rxd4 {[%emt 0:00:10]} 43. Nxb6 {[%emt 0:00:08]} Kf6 {[%emt 0:00:12]} 44. Nc4 {[%emt 0:00:10]} Rd8 {[%emt 0:00:12]} 45. a4 {[%emt 0:00:09]} Ke6 {[%emt 0:00:10]} 46. a5 {[%emt 0:00:10]} Rf8+ {[%emt 0:00:11]} 47. Ke1 {[%emt 0:00:09]} Kd5 {[%emt 0:00:09]} 48. Kd2 {[%emt 0:00:09]} Kd4 {[%emt 0:00:08]} 49. e3+ {[%emt 0:00:09]} Kc5 {[%emt 0:00:09]} 50. Kc3 {[%emt 0:00:09]} Kb5 {[%emt 0:00:09]} 51. e4 {[%emt 0:00:09]} Kc5 {[%emt 0:00:11]} 52. a6 {[%emt 0:00:13]} Rc8 {[%emt 0:00:09]} 53. Nd2 {[%emt 0:00:17]} Kb6+ {[%emt 0:00:12]} 54. Kd4 {[%emt 0:00:09]} Rd8+ {[%emt 0:00:08]} 55. Ke3 {[%emt 0:00:09]} Kc5 {[%emt 0:00:09]} 56. Nf3 {[%emt 0:00:11]} Re8 {[%emt 0:00:12]} 57. e5 {[%emt 0:00:09]} Kd5 {[%emt 0:00:09]} 58. Be4+ {[%emt 0:00:09]} 1-0

[Event "Champions Showdown Kings Blitz 2019-E"]
[Site "Saint Louis"]
[Date "2019.02.22"]
[Round "7"]
[White "Rapport, Richard"]
[Black "Shankland, Samuel"]
[Result "0-1"]
[WhiteElo "2735"]
[BlackElo "2731"]
[Annotator "ChessBase"]
[PlyCount "149"]
[EventDate "2019.02.09"]
[EventType "match"]
[EventCountry "USA"]
[SourceTitle "playchess.com"]
[Source "ChessBase"]
[SourceQuality "1"]
[TimeControl "900+10"]

1. d4 Nf6 2. c3 {[%emt 0:12:15]} g6 {[%emt 0:12:16]} 3. Bg5 {[%emt 0:00:09]} Bg7 {[%emt 0:00:08]} 4. Nd2 {[%emt 0:00:09]} O-O {[%emt 0:00:11]} 5. e3 {[%emt 0:00:09]} d5 {[%emt 0:00:11]} 6. Ngf3 {[%emt 0:00:12]} Nbd7 {[%emt 0:00:08]} 7. h3 {[%emt 0:00:09]} Re8 {[%emt 0:00:14]} 8. Bf4 {[%emt 0:00:09]} Nh5 {[%emt 0:00:09]} 9. Bh2 e5 10. dxe5 {[%emt 0:00:39]} Nxe5 {[%emt 0:00:18]} 11. Be2 {[%emt 0:00:09]} Nxf3+ {[%emt 0:00:13]} 12. Nxf3 {[%emt 0:00:10]} c6 {[%emt 0:00:16]} 13. O-O {[%emt 0:00:11]} Qb6 {[%emt 0:00:09]} 14. Qb3 {[%emt 0:00:10]} Nf6 {[%emt 0:00:12]} 15. Nd2 {[%emt 0:00:15]} Be6 {[%emt 0:00:13]} 16. Rfd1 {[%emt 0:00:21]} Nd7 {[%emt 0:00:13]} 17. a4 {[%emt 0:00:14]} Nc5 {[%emt 0:00:20]} 18. Qa3 {[%emt 0:00:15]} a5 {[%emt 0:00:09]} 19. Bd6 {[%emt 0:00:13]} Nd7 {[%emt 0:00:17]} 20. Qb3 {[%emt 0:00:10]} Bf5 {[%emt 0:00:19]} 21. Qxb6 {[%emt 0:01:03]} Nxb6 {[%emt 0:00:09]} 22. Bc7 {[%emt 0:00:10]} Nd7 {[%emt 0:00:17]} 23. Nf3 {[%emt 0:00:11]} Nc5 {[%emt 0:00:10]} 24. Nd4 {[%emt 0:00:10]} Bd7 {[%emt 0:00:17]} 25. Bd6 {[%emt 0:00:20]} Ne4 {[%emt 0:00:15]} 26. Bf4 {[%emt 0:00:12]} h6 {[%emt 0:00:22]} 27. Nb3 {[%emt 0:00:09]} b6 {[%emt 0:00:19]} 28. Nd4 {[%emt 0:00:12]} Rec8 {[%emt 0:00:20]} 29. Bd3 {[%emt 0:00:12]} Nc5 {[%emt 0:00:12]} 30. Bc2 {[%emt 0:00:09]} Ne6 {[%emt 0:00:10]} 31. Nxe6 Bxe6 32. Bb3 {[%emt 0:00:25]} f5 {[%emt 0:00:21]} 33. Rac1 {[%emt 0:00:12]} Kf7 {[%emt 0:00:09]} 34. h4 {[%emt 0:00:11]} Bf6 {[%emt 0:00:14]} 35. Bxh6 {[%emt 0:00:10]} Bxh4 {[%emt 0:00:09]} 36. Bf4 {[%emt 0:00:10]} Bf6 {[%emt 0:00:09]} 37. Kf1 {[%emt 0:00:12]} g5 {[%emt 0:00:14]} 38. Bg3 {[%emt 0:00:08]} Ra7 {[%emt 0:00:18]} 39. Rd2 {[%emt 0:00:13]} Re7 {[%emt 0:00:16]} 40. c4 {[%emt 0:00:11]} d4 {[%emt 0:00:15]} 41. Rd3 {[%emt 0:00:46]} c5 {[%emt 0:00:19]} 42. f4 {[%emt 0:00:10]} dxe3 {[%emt 0:00:18]} 43. Rxe3 {[%emt 0:00:09]} Bxb2 {[%emt 0:00:10]} 44. Rce1 {[%emt 0:00:18]} Bd4 {[%emt 0:00:12]} 45. fxg5 {[%emt 0:00:11]} Bxe3 {[%emt 0:00:10]} 46. Rxe3 {[%emt 0:00:09]} Kg6 {[%emt 0:00:13]} 47. Bf4 {[%emt 0:00:11]} Rce8 {[%emt 0:00:12]} 48. Kf2 {[%emt 0:00:10]} Bg8 {[%emt 0:00:32]} 49. Rh3 {[%emt 0:00:09]} Rh7 {[%emt 0:00:15]} 50. Rd3 {[%emt 0:00:10]} Rhe7 {[%emt 0:00:13]} 51. Rd2 {[%emt 0:00:13]} Re4 {[%emt 0:00:10]} 52. g3 {[%emt 0:00:09]} Bxc4 {[%emt 0:00:12]} 53. Bd1 {[%emt 0:00:09]} Bf7 {[%emt 0:00:12]} 54. Bf3 {[%emt 0:00:16]} Rd4 {[%emt 0:00:09]} 55. Rb2 {[%emt 0:00:09]} Rb4 {[%emt 0:00:11]} 56. Rd2 {[%emt 0:00:08]} Rxa4 {[%emt 0:00:10]} 57. Bc6 {[%emt 0:00:09]} Rd4 {[%emt 0:00:14]} 58. Rxd4 {[%emt 0:00:10]} cxd4 {[%emt 0:00:09]} 59. Bxe8 {[%emt 0:00:09]} Bxe8 {[%emt 0:00:09]} 60. Bc7 {[%emt 0:00:08]} a4 {[%emt 0:00:10]} 61. Bxb6 {[%emt 0:00:09]} d3 {[%emt 0:00:10]} 62. Ke3 {[%emt 0:00:12]} Bb5 {[%emt 0:00:12]} 63. Bd8 {[%emt 0:00:09]} a3 {[%emt 0:00:09]} 64. Bf6 {[%emt 0:00:09]} a2 {[%emt 0:00:09]} 65. Kd2 {[%emt 0:00:08]} Bc4 {[%emt 0:00:09]} 66. Ke3 {[%emt 0:00:09]} Kh5 {[%emt 0:00:09]} 67. Kd2 {[%emt 0:00:15]} Kg4 {[%emt 0:00:09]} 68. g6 {[%emt 0:00:09]} Kxg3 {[%emt 0:00:11]} 69. g7 {[%emt 0:00:09]} f4 {[%emt 0:00:09]} 70. Be5 {[%emt 0:00:12]} Kg4 {[%emt 0:00:11]} 71. g8=Q+ {[%emt 0:00:12]} Bxg8 {[%emt 0:00:09]} 72. Kxd3 {[%emt 0:00:08]} f3 {[%emt 0:00:09]} 73. Ke3 {[%emt 0:00:14]} Bc4 {[%emt 0:00:11]} 74. Kf2 {[%emt 0:00:14]} Kf5 {[%emt 0:00:09]} 75. Bc3 {[%emt 0:00:14]} 0-1